Normal view
MARC view
Entry Topical Term
001 - CONTROL NUMBER
- control field: 27584
003 - CONTROL NUMBER IDENTIFIER
- control field: ARRUPE
005 - DATE AND TIME OF LATEST TRANSACTION
- control field: 20161128114035.0
008 - FIXED-LENGTH DATA ELEMENTS
- fixed length control field: 161128|| aca||aabn | a|a d
040 ## - CATALOGING SOURCE
- Original cataloging agency: ARRUPE
- Transcribing agency: ARRUPE
150 ## - HEADING--TOPICAL TERM
- Topical term or geographic name as entry element: God
- General subdivision: Name.
670 ## - SOURCE DATA FOUND
- Source citation: Work cat.: (ARRUPE)0: Pseudo-Dionysius, the Areopagite. 24154, Dionysius, the Areopagite, On the divine names, and, Mystical theology /, 1951.